| 000 | 01023cam a2200265 a 4500 | ||
|---|---|---|---|
| 001 | 000015765 | ||
| 005 | 20240305130215.0 | ||
| 008 | 840203s1981 ve 000 0 spa d | ||
| 040 |
_aDO-SdBNP _bspa _cDLC _dBNPHU |
||
| 082 |
_a320.987 _bB641a, 1981 |
||
| 100 | 1 |
_aBlanco, Andrés Eloy, _d1898-1955 _93991 |
|
| 245 | 1 | 0 |
_aAndrés Eloy Blanco : _bparlamentario / _cAndrés Eloy Blanco ; compilación y selección de Luis Pastori ; prólogo de Luis B. Prieto F. |
| 250 | _a2a ed. | ||
| 260 |
_aCaracas, Venezuela : _bCentauro, _c1981. |
||
| 300 |
_av. ; _c22 cm. |
||
| 500 | _aLa biblioteca sólo posee el volumen 1. | ||
| 600 | 1 | 4 |
_aBLANCO, ANDRÉS ELOY _y1896-1955 _xDISCURSOS _94505 |
| 651 | 4 |
_aVenezuela _xPolítica Y Gobierno _y1935-1958 _93993 |
|
| 651 | 4 |
_aVenezuela _zDiscursos Parlamentarios _935476 |
|
| 650 | 4 |
_aPolíticos venezolanos _94506 |
|
| 700 | 1 |
_aPastori, Luis, _ecomp. _94507 |
|
| 700 | 1 |
_aPrieto F., Luis B., _d1902-1993 _q(Luis Beltrán Prieto Figueroa), _epról. _983787 |
|
| 910 | _aWM | ||
| 049 | _aBNGR | ||
| 999 |
_c15313 _d15313 |
||